000 01001nam a22002537a 4500
999 _c6635
_d6635
005 20251125232809.0
008 s2540 th tha d
020 _a9746057677
040 _aNALT
041 _atha
050 _aJQ1508 ธ391ก 2540
100 0 _aธวัช ทันโตภาส
245 1 0 _aการเมืองการปกครองจีน
246 _aPolitics and government of People's Republic of China
260 3 _aกรุงเทพฯ :
_bโรงพิมพ์แห่งจุฬาลงกรณ์มหาวิทยาลัย,
_c2540
300 _a453 หน้า ;
_b 21 ซม.
650 0 4 _aจีน -- การเมืองและการปกครอง
650 0 4 _aระบบกฎหมาย -- จีน
650 0 4 _aพรรคคอมมิวนิสต์ -- จีน
850 _aNALT
856 4 0 _uhttps://hdl.handle.net/20.500.14156/336621
_71
942 _cGB
_2lcc